Design and development of a 1kW wind turbine (Record no. 313683)
[ view plain ]
| 000 -LEADER | |
|---|---|
| fixed length control field | 00640 a2200145 4500 |
| 001 - CONTROL NUMBER | |
| control field | 78610 |
| 082 ## - DEWEY DECIMAL CLASSIFICATION NUMBER | |
| Classification number | 621.45 CAE |
| 245 ## - TITLE STATEMENT | |
| Title | Design and development of a 1kW wind turbine |
| Remainder of title | report prepared by college of aeronautical engg NUST PAF Academy Risalpur for HEC Islamabad |
| 260 ## - PUBLICATION, DISTRIBUTION, ETC. | |
| Place of publication, distribution, etc. | Risalpur |
| Name of publisher, distributor, etc. | report prepared by college of aeronautical engg NUST PAF Academy Risalpur |
| Date of publication, distribution, etc. | 2010 |
| 300 ## - PHYSICAL DESCRIPTION | |
| Extent | 80 p. Hb |
| 500 ## - GENERAL NOTE | |
| General note | MS thesis |
| 505 ## - FORMATTED CONTENTS NOTE | |
| Formatted contents note | Gifted Books |
| 600 ## - SUBJECT ADDED ENTRY--PERSONAL NAME | |
| Personal name | CAE NUST report - wind turbine |
| Dates associated with a name | HEC - wind turbine- report prepared by CAE NUST and submitted to HEC |
| 610 ## - SUBJECT ADDED ENTRY--CORPORATE NAME | |
| Corporate name or jurisdiction name as entry element | college of aeronautical engg NUST PAF Academy Risalpur |
| 942 ## - ADDED ENTRY ELEMENTS (KOHA) | |
| Institution code [OBSOLETE] | NUST CAE |
| Call number prefix | 621.45 CAE |
| Koha item type | |
| Withdrawn status | Lost status | Damaged status | Not for loan | Collection code | Permanent Location | Current Location | Date acquired | Total Checkouts | Full call number | Barcode | Date last seen | Price effective from | Koha item type |
|---|---|---|---|---|---|---|---|---|---|---|---|---|---|
| College of Aeronautical Engineering (CAE) | College of Aeronautical Engineering (CAE) | 04/03/2017 | 621.45 CAE | CAEG-7374 | 04/05/2017 | 04/05/2017 | Book |
